000 00353nam a2200109Ia 4500
008 240129s9999 xx 000 0 und d
100 _aNIRMALA, R.
245 0 _aPREPARATION AND EVALUATION OF EXTENDED RELEASE TRILAYERED MATRIX TABLETS OF LAMIVUDINE AND NELFINAVIR
260 _bMEWAR UNIVERSITY, CHITTORGARH
_c2021
650 _aPharmacy
942 _cTHE
999 _c218950
_d218950